[Event "Dortmund 46th"]
[Site "Dortmund"]
[Date "2018.07.17"]
[Round "3"]
[White "Giri, Anish"]
[Black "Kovalev, Vladislav"]
[Result "0-1"]
[WhiteElo "2782"]
[BlackElo "2655"]
[Annotator "Mekhitarian,K"]
[PlyCount "146"]
[EventDate "2018.07.14"]
[EventType "tourn"]
[EventRounds "7"]
[EventCountry "GER"]
[EventCategory "19"]
[SourceTitle "CBM 186"]
[Source "ChessBase"]
[SourceDate "2018.09.14"]
[SourceVersion "1"]
[SourceVersionDate "2018.09.14"]
[SourceQuality "1"]

1. e4 c5 2. Nf3 Nf6 {The Nimzowitsch Variation, nowadays played repeatedly by
the Russian GM Alexander Rakhmanov. In the following moves, I will reference
some of the first games in this variation, that was defended mostly by
Nimzowitsch himself and the great Rubinstein.} 3. e5 {I believe this is the
critical move.} (3. Nc3 {is also possible, but Black has been holding without
many problems:} d5 4. exd5 (4. e5 Nfd7 5. e6 $5 fxe6 6. Bb5 a6 7. Bxd7+ Bxd7 8.
O-O g6 9. d4 Bg7 10. dxc5 O-O 11. Re1 Nc6 $13 {0-1 (51) Anand,V (2759)
-Mamedyarov,S (2808) Leuven 2018; with interesting play.}) 4... Nxd5 5. Bb5+ (
5. Bc4 e6 6. O-O Be7 7. d4 Nxc3 8. bxc3 O-O 9. Ne5 Qc7 10. Bd3 Nc6 $11 {
0-1 (46) Spielmann,R-Nimzowitsch,A San Sebastian 1911}) 5... Bd7 6. Ne5 $5 {
is one of the most challenging variations} (6. Bc4 Nb6 7. Be2 Nc6 8. d4 cxd4 9.
Nxd4 e5 10. Ndb5 a6 11. Nd6+ Bxd6 12. Qxd6 Bf5 13. Qxd8+ Rxd8 $15 {½-½ (32)
Ponomariov,R (2694)-Rakhmanov,A (2653) Riadh 2017 and Black already has a more
pleasant position}) 6... Nf6 $1 7. Qf3 Qc8 8. a4 e6 $1 (8... a6 $6 9. Bxd7+
Nbxd7 10. Nc4 $1 $14 {[%csl Ra8,Rb7,Rc8] ½-½ (41) Moskalenko,A (2531)
-Rakhmanov,A (2669) Sochi 2017, and Black has some problems developing his
queenside.}) 9. b3 Be7 10. Bb2 O-O 11. O-O a6 12. Bxd7 Nfxd7 13. Nc4 Nc6 $11 {
0-1 (97) Khanin,S (2450)-Rakhmanov,A (2659) Khanty-Mansiysk 2017}) 3... Nd5 4.
Nc3 (4. d4 cxd4 5. Qxd4 (5. c3 {transposes to the Alapin variation of the
Sicilian}) 5... e6 6. Bc4 Nc6 7. Qe4 d6 8. exd6 Nf6 9. Qh4 Bxd6 $11 {1/2-1/2 
(79) Schlechter,C-Nimzowitsch,A San Sebastian 1912}) 4... e6 (4... Nxc3 $5 {
Is also playable} 5. dxc3 Nc6 6. Bf4 (6. Bc4 d6 (6... e6 $1 {should be played,
Rubinstein's 6...d6 is way too optimistic and risky}) 7. Bf4 dxe5 8. Nxe5 Qxd1+
9. Rxd1 Nxe5 10. Bxe5 a6 11. Bc7 $1 $16 {1-0 (28) Alapin,S-Rubinstein,A
Vilnius (Lithuania) 1912}) 6... e6 {White is better with more space, but Black
may have long-term weaknesses to attack, and White's play is not that
straightforward.} 7. Qd2 h6 8. h4 Qc7 9. O-O-O a6 10. Bd3 b5 11. Be4 Bb7 12.
Qe3 Ne7 $1 {[%csl Rd5] getting a strong hold of the important d5-square, that
will soon be used by the knight.} 13. Kb1 c4 14. Rhe1 Bxe4 15. Qxe4 Qc6 16. Bc1
Qxe4 17. Rxe4 h5 {with a nice blockade on d5} 18. b3 $6 Nd5 19. Bb2 Rc8 $17 {
0-1 (59) Pavlidis,A (2539)-Duda,J (2693) Minsk 2017}) 5. Nxd5 (5. g3 {played
by Reti, doesn't look threatening:} Nc6 6. Bg2 Nxc3 (6... d6 $5 {was also fine}
) 7. bxc3 d6 8. exd6 Bxd6 9. O-O O-O 10. d3 Be7 11. Be3 Bd7 $11 {0-1 (48) Reti,
R-Rubinstein,A Gothenburg 1920}) 5... exd5 6. d4 Nc6 (6... d6 {is not that bad:
} 7. Bb5+ Nc6 8. O-O Be7 9. c4 $1 a6 10. exd6 Qxd6 11. dxc5 Qxc5 12. Be3 Qd6
13. Bxc6+ (13. c5 $5 $14) 13... bxc6 14. cxd5 Qxd5 15. Qxd5 cxd5 16. Rfd1 Be6
17. Rac1 {is slightly better for White, but always unpleasant to defend,
specially after the bishop exchange on the next move, that I feel Black must
avoid.} Bf6 18. Bd4 Bxd4 19. Nxd4 Kd7 20. f4 g6 21. Rc5 Rhc8 22. Ra5 Rab8 23.
Rd2 $14 {1-0 (59) Martinez Alcantara,J (2539)-Slipak,S (2420) Montevideo 2018})
7. c3 {A solid move, avoiding complications, and looking to play against the
isolated pawn. In any case, Black is doing just fine after the opening.} (7.
dxc5 Bxc5 8. Qxd5 {used to be the critical move, but Black is holding his
ground after:} (8. Bd3 {seems harmless for Black} d6 9. exd6 Qxd6 10. O-O O-O
11. Re1 h6 12. h3 (12. Be3 Bxe3 13. Rxe3 Bg4 $11 {would be simply equal}) 12...
Bd7 (12... Bxh3 $5 {there is no need for such adventures} 13. gxh3 Qg3+ 14. Kh1
Bxf2 15. Rf1 (15. Bf1 $4 Nd4 $1 $19 {[%csl Re1,Rg1] 0-1 (37) Pinter,E (2212)
-Markos,J (2225) Slovakia 2000}) 15... Qxh3+ 16. Nh2 Bg3 17. Qe2 $13 {feels
better for White, but the position remains complicated}) 13. Be3 d4 14. Bd2
Rfe8 15. a3 Qd5 16. b4 Bd6 17. c4 dxc3 18. Rxe8+ Rxe8 19. Bxc3 Be6 20. Be4 Qxe4
21. Qxd6 $11 {½-½ (29) So,W (2792)-Mamedyarov,S (2804) Wijk aan Zee 2018})
8... d6 $1 (8... Qb6 9. Bc4 $1 Bxf2+ 10. Ke2 O-O 11. Rf1 Bc5 12. Ng5 Nd4+ 13.
Kd1 Ne6 14. Ne4 Be7 15. Nd6 $5 {With complex play, but White should have the
upper hand, because of the major development issues of the black queenside.})
9. exd6 Qb6 {[%csl Rf2][%cal Rc5f2]} 10. Qe4+ Be6 11. Qh4 (11. d7+ Kxd7 12. Be3
Bxe3 13. fxe3 Qxb2 $1 14. Rd1+ Ke7 $11 {1/2-1/2 (30) De Gleria,F (2420)
-Buenermann,V (2325) Germany 2004 Black is doing just fine.}) 11... Bxd6 12.
Be2 O-O 13. O-O Bf5 14. c3 Rae8 $44 {with good play for Black.}) 7... cxd4 (
7... d6 8. Bb5 Be7 9. exd6 Bxd6 10. Qe2+ {would be similar to the game:} Be6
11. dxc5 Bxc5 12. O-O O-O 13. Be3 $14 {should be slightly more pleasant for
White.}) 8. Nxd4 (8. cxd4 $6 Bb4+ 9. Bd2 Bxd2+ 10. Qxd2 d6 $11 {and Black
doesn't have any problems.}) 8... d6 (8... Nxe5 $6 {looks way too risky} 9. Bf4
$1 d6 10. Bb5+ Bd7 11. O-O Be7 12. Qb3 Nc4 13. Rfe1 (13. Bxd7+ $5 Qxd7 14. Nc2
O-O 15. Nb4 $14) 13... O-O 14. Bxc4 dxc4 15. Qxb7 Re8 (15... Rb8 $5 16. Qxa7
Rxb2 $13) 16. Nc6 Bxc6 17. Qxc6 Rc8 18. Qa4 a5 19. Rad1 $16 {1-0 (59) Kurnosov,
I (2645)-Arribas Lopez,A (2477) Zuerich 2012}) 9. Bb5 Bd7 10. exd6 Bxd6 11. O-O
(11. Qe2+ Qe7 12. Qxe7+ Kxe7 {exchanging queens should be favourable for Black,
who still has a worse structure, but shouldn't suffer much in the endgame.})
11... O-O 12. Nb3 a6 13. Be2 Qc7 14. h3 Rfe8 $36 {Black slowly becomes more
active, and the isolated d5-pawn is no problem at all.} 15. Re1 Re5 (15... Bf5
$1 {trying to find the best setup for the pieces, with the simple Rad8:} 16.
Qxd5 (16. Be3 Rad8 $36 {with at least equality for Black}) 16... Bg6 {
threatening Rad8} 17. Qd1 Red8 $3 (17... Rad8 {is the most logical and also
playable, but there is an issue with the e8-rook hanging:} 18. Bf1 $1 Bh2+ 19.
Kh1 $14 {when Black can't take the queen because of checkmate on e8}) 18. Bd2
Bh2+ 19. Kh1 Bf4 20. Bxf4 Qxf4 21. Qc1 Qxf2 $15) (15... Rad8 $5 16. Bg5 f6 17.
Be3 Kh8 $11) 16. Be3 Rae8 17. Bd3 g6 (17... Qc8 $1 {[%csl Rh3][%cal Rd7h3]} 18.
Qf3 Bf5 $11 {would be very solid for Black, who is left without any problems.})
18. Qd2 Qd8 19. Nd4 Nxd4 20. Bxd4 Rxe1+ 21. Rxe1 Rxe1+ 22. Qxe1 Qe8 23. Qd2 $14
{After a few tiny inaccuracies, now White has a tiny edge, which at the end
shouldn't be much, but there is play because of the weak isolated pawn on d5.}
Be5 24. Be3 (24. Bxe5 Qxe5 25. Be2 $11 {these kinds of positions never promise
anything for White, since Black has an active queen and will place his bishop
on either c6 or e6.}) 24... Qe6 25. f4 Bf6 26. a3 h5 27. Bc2 Bc6 28. Bf2 Qe7
29. Bd1 Qe6 30. Bc2 Qe7 31. Bb6 Qe6 32. Qf2 Qe8 33. Qd2 Qe6 34. Bc5 Qe8 {
After some manoeuvering, White loses control with a bad move and suddenly
enters a difficult position:} 35. Qd1 $2 d4 $1 {Kovalev takes the chance! the
d4-pawn is untouchable.} 36. Qd2 (36. cxd4 Qe3+ {[%csl Rf4,Rh3]} 37. Kh2 Bd5 $1
{is the most precise, leaving the c5-bishop out of play and preparing a
devastating attack on the next move.} 38. Qf1 {[%csl Rf4]} Bh4 39. Bd6 Bg3+ 40.
Kh1 Qe6 $1 $19 {[%cal Re6h3,Re6d6]}) (36. Bxd4 Bxd4+ 37. cxd4 (37. Qxd4 Qe1+
38. Kh2 Qe2 $19 {[%csl Rc2,Rg2]}) 37... Qe3+ 38. Kh2 (38. Kh1 $4 {runs into
checkmate} Qxh3+ 39. Kg1 Qxg2#) 38... Qxf4+ 39. Kh1 Qg5 $1 {[%csl Rd5]
attacking g2 and keeping an eye on d5 as well} 40. Qf1 Bd5 $1 $19 {stopping
Bb3 and preparing the devastating ...Qd2 or ...Qe3.}) 36... dxc3 37. bxc3 Qe6 {
[%csl Ra3,Rc3][%cal Re6a2] Now suddenly White is in trouble with the weak
pawns.} 38. Bd4 Bxd4+ 39. cxd4 Qa2 40. Qc3 Qd5 41. Qd2 Qa2 42. Qc3 h4 $1 {
[%csl Rg2]} 43. Kh1 a5 $1 44. a4 {It's always sad to place another pawn on a
light square, but Black had an idea to play ...a4 himself.} (44. Kh2 Qd5 {
[%csl Rg2]} 45. Qd2 a4 46. Kg1 b5 $36 {White has to watch for moves like ...b4
here, trying to put the a-pawn in the 6th rank.}) 44... Qd5 (44... Bxa4 $6 {
should be a relief for White.} 45. Bxa4 Qxa4 46. f5 $1 {In queen endgames, it
is always important to open up your opponent's king.} gxf5 47. Qc8+ Kg7 48.
Qxf5 Qd1+ 49. Kh2 Qxd4 50. Qg5+ Kf8 51. Qxa5 {Black retains tiny chances to
convert this endgame, with such a weak king.} b6 $17) 45. Qd2 b6 (45... Kg7 $5
{could have been more precise} 46. f5 gxf5 47. Qg5+ Kf8 48. Bxf5 Qxd4 $17) 46.
f5 $1 $132 Kg7 47. fxg6 fxg6 48. Bd1 Qf5 49. Kg1 Bd5 50. Bc2 Qf6 51. Qe3 g5 52.
Bd3 Kh6 53. Bc2 Kg7 54. Bd3 Kh6 55. Bc2 (55. Be2 $1 {was better, preparing Bf3
next.} Qf4 56. Qe7 $1 Qxd4+ 57. Kh2 $132) 55... Qf4 56. Qd3 $6 (56. Qe7 $5 {
would force the following queen endgame:} Qxd4+ 57. Kh2 Qf4+ 58. Kg1 Qc1+ 59.
Kh2 Qxc2 60. Qd6+ Kg7 61. Qxd5 {with a long endgame to come, and excellent
drawing chances for White.}) 56... Kg7 $1 57. Qg6+ Kf8 58. Qd3 Kg7 59. Qg6+ Kf8
60. Qd3 Ke7 {The black king slowly escapes from the checks.} 61. Bd1 Qe4 62.
Qd2 (62. Qxe4+ $2 {would lose easily because of the huge weaknesses on the
kingside.} Bxe4 63. Kf2 Kd6 64. g3 Kd5 65. gxh4 gxh4 66. Ke3 Bf5 {[%csl Rh3]}
67. Bg4 Bc2 68. Bd7 Kd6 $1 $19 {Now White loses either a4 (...Bxa4) or h3 (...
Bf5).}) 62... Kd6 63. Bc2 Qf4 64. Qd3 (64. Qxf4+ {is hopeless} gxf4 65. Kf2 Bc6
{[%csl Ra4]} 66. Bb3 Be4 67. Kg1 Kc6 68. Kf2 b5 $1 $19 {with an easy endgame
win.}) 64... Kc7 65. Qh7+ Kb8 $1 66. Qd3 (66. Qh8+ $1 Ka7 67. Qh7+ Bb7 68. Qd3
{had to be tried, keeping an eye on d5 if Black tries to play ...g4 again} g4
69. hxg4 Qxg4 70. d5 $17 {when White survives at least for now.}) 66... g4 $1 {
Finally Black crashes through.} 67. hxg4 Qxg4 {[%csl Rd4,Rg2]} 68. Qg6 (68. Qd2
{doesn't save the day:} h3 $1 69. Bd1 Qxg2+ 70. Qxg2 hxg2 $19 {Again Black
wins the endgame easily after centralising his king.}) 68... Qxd4+ 69. Kh1 Bb7
{Keeping the king safe.} 70. Qe8+ Ka7 71. Bf5 Qd1+ 72. Kh2 Qd6+ 73. Kh1 Qg3 $19
{White resigned, since he is forced to play Qg6, when Black takes on g2,
exchanges queens and wins the endgame with two pawns up. A very resilient game
from Kovalev, who was holding on to a slightly inferior position, took his
chance when it appeared on the board, and was able to squeeze a win against
one of the Top 10 players in the world!} 0-1

[Event "Norway Chess 4th"]
[Site "Stavanger"]
[Date "2016.04.21"]
[Round "3"]
[White "Carlsen, Magnus"]
[Black "Grandelius, Nils"]
[Result "1-0"]
[WhiteElo "2851"]
[BlackElo "2649"]
[Annotator "Nielsen,Peter Heine"]
[PlyCount "75"]
[EventDate "2016.04.19"]
[EventType "tourn"]
[EventRounds "9"]
[EventCountry "NOR"]
[EventCategory "21"]
[SourceTitle "CBM 172"]
[Source "ChessBase"]
[SourceDate "2016.05.12"]
[SourceVersion "1"]
[SourceVersionDate "2016.05.12"]
[SourceQuality "1"]

{Magnus had a good start to Norway Chess, beating Harikrishna and then drawing
with a very solidity minded Topalov. Next was the young Swedish top player
Grandelius who in the qualifier had edged out local favourite Hammer. Nils
announced at the press-conference that he was afraid of no-one, and would stay
loyal to his style, and certainly kept his word even when facing the World
Champion:} 1. e4 c5 2. Nf3 Nf6 $6 {A line the Swedish team had prepared for
the 2015 European championship in Reykjavik, and with which he made a draw
against Adams. After the game he was asked when he made his mistake, and said
" On move two!" It is true that the line most likely is dubious, but the
decisive mistake did only come later though.} 3. e5 $1 {Part of the reason
that 2...Nf6 is not very popular is that after 3.Nc3 Black's best option most
likely is just 3...d6 which after 4.d4 transposes back to main-line Sicilians
as in the Grandelius game with e.g. Harikrishna recently. However Nils' clever
point is that then he would have avoided Magnus' pet-line 3.Bb5+! But 3.Nc3 in
a way is kind of the lazy reaction to 2...Nf6, so one could argue that Nils
actually forces Magnus to play the best move!} Nd5 4. Nc3 Nxc3 (4... e6 {
used to be Black's try years back, when:} 5. Nxd5 exd5 6. d4 Nc6 7. dxc5 Bxc5
8. Qxd5 Qb6 9. Bc4 $1 {led to complications favourable for White, which lead
to Black players abandoning the line.}) 5. dxc3 Nc6 6. Bf4 Qb6 $5 {This
however is Black's new idea, resurrecting the line. Earlier Black played a
setup with the queen on c7 followed by long castling, but then White gets easy
development with Bd3 Qe2 0-0-0 etc. Now however Black tries forcing a weakness.
If after 7.Rb1 long castling is ruled out altogether, and 7.b3 at least gives
Black a target on c3 White should aim for 0-0-0. Which lead Magnus to the
conclusion that...} 7. Qc1 $5 {was the way to handle the position. Of course
the queen can be said to be awkwardly placed on c1, but despite the d-file
being open it was not of much use there anyway, and while 0-0-0 being as a
minimum postponed, White does have the simple plan of Bd3 and 0-0, while on
the other hand for Black it is much harder to come up when a sensible way to
finish his development.} f6 $5 {Nils took his time, and then played the
principled move. Ipatov has tried 7...h6 8.h4 d5 but after 9.exd6 exd6 10.Qe3+
is an obvious improvement with a pleasant position for White. Now however
Black tries undermining the white centre. Intending either the bold ...g5 as
well as ...d6 exd6 e5!.} 8. Bc4 $5 {A logical developing move, that makes 8...
d6 look less attractive as: 9.exf6 gxf6 10.Qe3!? when despite Black getting
his huge centre, it looks more like White's speedy development is the relevant
factor. Black might have to play 10...e5, but then White gets a grip on the
white squares in return. Nils shows no fear, and again plays the principled
move:} g5 $5 9. Bg3 $5 (9. exf6 {was a similar piece sacrifice to the game.
After} gxf4 10. Qxf4 {it even looks like White has won some time, but the
knight on f3 is a less strong attacking piece than the bishop on g3, and
concretely after} Na5 $1 {there seems to be no effective follow-up for White.})
9... g4 10. exf6 $1 {I praised Nils' courage, but one has to give credit for
Magnus' lack of fear too. The piece sacrifice is purely intuitive, believing
White's compensation to be sufficient.} gxf3 11. Qf4 $5 {Played quickly, and
very much planned when sacrificing the piece. It aims at both the f7- and
c7-squares, hoping to catch the black king in the centre, and not caring about
Black getting a tempo to take on g2. White however had an interesting
alternative, and if 12...h5! seems to hold in the game continuation, 11.0-0
might actually be very relevant for the theoretical debate of 2...Nf6, should
such a debate exist...} ({After} 11. O-O {The best seems to be} Na5 $1 {when} (
11... fxg2 12. Re1 {just helps White.}) ({So Black should either go for} 11...
e6 {when however} 12. Qf4 {looks very dangerous for Black as e.g} Kf7 13. Rad1
d5 $2 (13... Na5 14. Bd3) 14. Rxd5 $1 {crashes through.}) 12. f7+ Kd8 13. Bd5
Qg6 {looks like the critical line with a strange position where to me it looks
like White has at least sufficient compensation for the sacrificed piece.})
11... fxg2 $5 {Greedy and good.} ({If directly} 11... Na5 {then Magnus pointed
out in the post mortem that} {, however} 12. f7+ $1 (12. fxe7 Bxe7 13. Bf7+ Kf8
$1 {was an important resource for Black, as he should not fear the discovered
check, and now threatens ...Qf6 consolidating, practically speaking forcing
White to give a perpetual.} (13... Kd8 14. O-O $18) 14. Be6+ $11) 12... Kd8 13.
Bd5 {gives White great compensation similar to the game.}) (11... h5 {allows
White options with 0-0 making ...h5 lose its point, so Black's move order is
the correct one.}) 12. Rg1 Na5 $2 {A very logical move, but possibly the
losing mistake!} ({The absolutely only way is} 12... h5 $1 {stopping long
castling due to ...Bh6 as well as having the option of disturbing the white
bishop by ...h4.} {The best probably is} 13. Rxg2 $5 {when} (13. fxe7 Bxe7 14.
Qf7+ ({and also} 14. O-O-O Kd8 {seems to hold up decently as well}) 14... Kd8
15. Qg7 Re8 16. O-O-O Na5 17. Bf7 Qf6 $1 {defends just in time.}) ({Trying to
continue similarly to the game with} 13. f7+ $6 Kd8 14. O-O-O {runs into} ({and
} 14. Rxg2 d6 15. O-O-O Kc7 16. Bh4 Bg4 {also defends well.}) 14... h4 $1 15.
Bxh4 Qc7 $1 {when White's attack seems too slow.}) 13... Kd8 $1 14. fxe7+ (14.
O-O-O $6 Bh6 15. Qxh6 Rxh6 16. Bf4 d6 {unfortunately defends}) 14... Bxe7 15.
O-O-O h4 16. Bxh4 Bxh4 17. Rg8+ Rxg8 18. Qxh4+ Kc7 19. Bxg8 {which leads to an
equal position. Black has an extra piece but White's attack and the h-pawn
balances the position.}) 13. f7+ (13. fxe7 Bxe7 14. Bf7+ Kf8 $1 {again is
strong, forcing White to limit himself to a draw by perpetual check.}) 13...
Kd8 14. Bd5 {A key position in the game. At first it looks like Black has
survived the worst. His king will be safe on c7, and having "lured" White's
pawn to f7, his e7-d6-c5 construction looks solid. At first the computer
agrees, but after a few minutes comes to the realisation that White is winning.
Grandelius thought for half an hour, but came to the same result. Yes Black's
king is safe, but there is no reasonable plan for stopping a White rook from
invading on g8.} Bh6 $6 {Nils decided to sacrifice a rook for some counterplay,
but it is insufficient.} (14... d6 15. O-O-O Kc7 16. Rxg2 Bh3 17. Rgg1 {
is the illustrative mainline. After} Nc6 {he even pauses for} 18. Kb1 {as then}
Ne5 ({and} 18... Bd7 19. Bh4 Ne5 20. Rg8 Ng6 21. Qe4 Bc6 22. c4 {leaves Black
in a hopeless position, despite his extra piece.}) {is met by} 19. Qh4 $1) 15.
Qe5 Rf8 16. Bh4 $1 {This is the problem. Mate is threatened on e7, and Black
has to give up the rook to lure the white bishop away from attacking the
c6-square as 16...Nc6 17.Bxc6 Rxf7 18.Rxg2 wins on the spot.} Rxf7 17. Bxf7 Nc6
18. Qg3 Qxb2 19. Rd1 Qxc2 20. Bd5 {Materialistically speaking it is not that
bad for Black, but add on top a white attack, and the overall situation
becomes hopeless.} Qf5 21. Rxg2 Bf4 22. Qf3 $5 (22. Qxf4 $5 Qxf4 23. Rg8+ Kc7
24. Bg3 {was simple and strong, but Magnus plays for the maximum.}) 22... Kc7
23. Rg5 Qf8 24. Bg3 $6 {After the game he expressed his dissatisfaction with
this inacurracy. Taking on c6 first, and only then Bg3 would have been simpler.
} e5 25. Rh5 $6 (25. Bxc6 $1 {actually was still possible, as Nils intended:}
Qe7 $5 {while tactically creative, getting out of the f-file pin, and
preparing a discovered check in the e-line, still falls short after} 26. Rh5
dxc6 27. Qe4 $1 {attacking h7, and thus winning comfortably for White.}) 25...
a5 26. Rxh7 Ra6 27. Rf7 Qe8 28. Kf1 Bxg3 29. hxg3 Qh8 30. Kg2 Nd8 31. Rf8 Qg7
32. Rh1 Rh6 33. Rxh6 Qxh6 34. Qf6 Qxf6 35. Rxf6 d6 36. Kf3 b5 37. g4 Kd7 38.
Rh6 {And here Grandelius resigned. Even if the rather dull technical phase in
the end dragged out the game a bit, the fireworks right at the start made it
an amazing and atypical game for a supertournament, and gave Magnus a
tournament lead, which he kept till the end.} 1-0